|
|
|
|
| LEADER |
00000nam0a2200000 4500 |
| 001 |
200647 |
| 005 |
20231101224952.0 |
| 010 |
|
|
|a 502029649X
|
| 020 |
|
|
|a RU
|b 91-15713
|
| 035 |
|
|
|a (RuTPU)RU\TPU\book\218728
|
| 090 |
|
|
|a 200647
|
| 100 |
|
|
|a 20110912d1991 k a0rusy5003 ca
|
| 101 |
0 |
|
|a rus
|
| 102 |
|
|
|a RU
|
| 105 |
|
|
|a a z 001zy
|
| 200 |
1 |
|
|a Развитие технологии реконструкции глубоких карьеров Якутии
|f А. Д. Андросов
|g Академия наук СССР (АН СССР), Сибирское отделение (СО), Институт горного дела Севера (ИГДС) ; под ред. В. Л. Яковлева
|
| 210 |
|
|
|a Новосибирск
|c Наука
|d 1991
|
| 215 |
|
|
|a 103 с.
|c ил.
|d 22 см
|
| 320 |
|
|
|a Библиогр.: с. 101-102. (35 назв.)
|
| 606 |
|
|
|a Рудные месторождения
|x Системы разработки
|x Открытый способ
|2 stltpush
|3 (RuTPU)RU\TPU\subj\25996
|9 50022
|
| 606 |
|
|
|a Карьеры глубокие
|x Системы разработки
|2 stltpush
|3 (RuTPU)RU\TPU\subj\39411
|9 59524
|
| 610 |
1 |
|
|a рудные месторождения
|
| 610 |
1 |
|
|a реконструкция
|
| 610 |
1 |
|
|a разработка
|
| 610 |
1 |
|
|a Якутия
|
| 610 |
1 |
|
|a климат
|
| 610 |
1 |
|
|a технологические схемы
|
| 675 |
|
|
|a 622.34:622.271(571.56)
|z rus
|
| 675 |
|
|
|a 622.271.32(571.56)
|z rus
|
| 700 |
|
1 |
|a Андросов
|b А. Д.
|g Артур Дмитриевич
|4 070
|
| 702 |
|
1 |
|a Яковлев
|b В. Л.
|4 340
|
| 712 |
0 |
2 |
|a Академия наук СССР (АН СССР)
|b Сибирское отделение (СО)
|b Институт горного дела Севера (ИГДС)
|c (Якутск)
|2 stltpush
|3 (RuTPU)RU\TPU\col\15504
|
| 801 |
|
0 |
|a RU
|b RuMRKP
|c 19950417
|g psbo
|
| 801 |
|
1 |
|a RU
|b 63413507
|c 20110912
|
| 801 |
|
2 |
|a RU
|b 63413507
|c 20171016
|g RCR
|
| 942 |
|
|
|c BK
|